Kamienie na szaniec- quiz - Statystyki

Ogólne statystyki
  • Ten quiz został rozwiązany 242 razy
  • Średni wynik to 12 z 14
Statystyki odpowiedzi
Zagadnienie Odpowiedź % Poprawnych
Podaj autora „Kamieni na szaniec”. Aleksander Kamińśki
99%
Napisz, jak naprawdę nazywał się Zośka. Tadeusz Zawadzki
96%
Dlaczego Zośka otrzymał takie przezwisko? Bo Miał delikatne rysy twarzy jak dziewczyna
94%
Jak naprawdę nazywał się Rudy? Jan Bytnar
93%
Jakie hasło dotyczące kin pisano na murach? ,,Tylko świnie siedzą w kinie''
93%
Jak miała na imię ukochana Alka? Basia
92%
Jakie przezwisko nosił nauczyciel geografii? Zeus
88%
Którzy bohaterowie zginęli tego samego dnia? Alek i Rudy
87%
Podaj imię i nazwisko Alka Maciej Aleksy Dawidowski
87%
O czym (z garderoby) marzył Alek? O skórzanej kurtce
81%
Czy autor „Kamieni na szaniec” znał bohaterów swojej książki? Tak
79%
Jakie góry odwiedzili bohaterowie, zanim dowiedzieli się o wybuchu wojny? Beskidy
76%
Kto odkręcił niemiecką płytę z pomnika Kopernika? Alek
75%
Jakim kucharzem był Rudy? Bardzo Dobrym
75%
Nie znaleziono quizów pasujących do podanych kryteriów
Rozkład punktacji
Procent ludzi z każdym wynikiem
Percentyl według liczby udzielonych odpowiedzi
Twoja historia wyników
Nie rozwiązałeś tego quizu